000 01055cam a2200313 a 4500
001 1599861
003 GBCCL
005 20241126110427.0
008 941104s1994 ilua b 001 0 eng d
010 _a 94068414
020 _a9781444103472
_c$12.99
035 _a(OCoLC)32340276
040 _aOC
_cOC
_dNBuBE
_dDLC
042 _alccopycat
050 0 0 _aBP161.2
_b.M334 1994
082 0 0 _a297
_220
_bMAQ
100 1 _aMaqsood, Ruqaiyyah Waris.
_94853
245 1 0 _aIslam /
_cRuqaiyyah Maqsood.
260 _aLincolnwood, Ill. :
_bNTC Pub. Group,
_c2015.
300 _a392 p. :
_bill. ;
_c20 cm.
440 0 _aTeach yourself world faiths
_94854
490 1 _aTeach yourself books
650 0 _aIslam.
_91511
830 0 _aTeach yourself books (Lincolnwood, Ill.)
_94855
856 4 2 _3Publisher description
_uhttp://www.loc.gov/catdir/description/mh022/94068414.html
906 _a7
_bcbc
_ccopycat
_d3
_eopcn
_f19
_gy-gencatlg
942 _2ddc
_cBK
_022
999 _c2351
_d2351